00585 2200205 4500001002100000005001500021035002000036007000300056008004100059020001800100082001200118084001800130100003800148245008500186250001000271260003900281300002500320650002100345990001300366INLIS00000000000049920171004112830 a0010-1017000053ta171004 f 0 ind  a979-3588-05-5 a297.122 a297.122 SYA t0 aSya'rawi,Syekh Muhammad Mutawalli1 aTafsir Sya'rawi Jilid 5 :bJuz IX dan Juz X /cSyekh Muhammad Mutawalli Sya'rawi aCet.1 aJakarta Timur :bDuta Azhar,c2006 a761hlm ;c18 x 23 cm aTafsir Al Qur'an a1073 006